000 00453nam a2200181Ia 4500
008 151202s9999||||xx |||||||||||||| ||und||
082 _bPNVM-26222
100 _aनांगरे ब
245 _aदैव रेखा.
260 _b---
260 _c0
300 _a0
600 _aनांगरे ब
630 _aदैव रेखा.
700 _aनांगरे ब
730 _aदैव रेखा.
942 _cBOOK
999 _c1292191
_d1292188